Diseño de circuitos y sistemas integrados (Registro nro. 12106)
[ vista simple ]
| 000 -Cabecera | |
|---|---|
| Campo de control de longitud fija | 00881nam a22003257a 4500 |
| 005 - Fecha y hora de la última transacción | |
| Campo de control | 20230831125946.0 |
| 008 - Elementos de longitud fija--Información general | |
| Campo de control de longitud fija | 190619b2005 xxu||||| |||| 00| 0 spa d |
| 020 ## - International Standard Book Number | |
| Número Internacional Estándar del Libro (ISBN) | 9789701507766 |
| 041 ## - Idioma | |
| Código de idioma | Español |
| 082 ## - Clasificación Decimal Dewey | |
| Número de clasificación | 621.381.5 R896d |
| 100 ## - Entrada principal--Autor personal | |
| Nombre personal | Rubio, Antonio |
| 9 (RLIN) | 54706 |
| 100 ## - Entrada principal--Autor personal | |
| Nombre personal | Alet, Josep |
| 9 (RLIN) | 54707 |
| 100 ## - Entrada principal--Autor personal | |
| Nombre personal | Aragonés, Xavier |
| 9 (RLIN) | 54708 |
| 100 ## - Entrada principal--Autor personal | |
| Nombre personal | González, José Luis |
| 9 (RLIN) | 54709 |
| 100 ## - Entrada principal--Autor personal | |
| Nombre personal | Mateo, Diego |
| 9 (RLIN) | 54710 |
| 100 ## - Entrada principal--Autor personal | |
| Nombre personal | Moll, Francesc |
| 9 (RLIN) | 54711 |
| 245 ## - Título propiamente dicho | |
| Título | Diseño de circuitos y sistemas integrados |
| 260 ## - Pie de imprenta | |
| Lugar de publicación, distribución, etc. | México |
| 260 ## - Pie de imprenta | |
| Nombre del editor, distribuidor, etc. | Alfaomega |
| 260 ## - Pie de imprenta | |
| Fecha de publicación, distribución, etc. | 2005 |
| 300 ## - Descripción física | |
| Extensión | 446 páginas |
| 650 ## - Materia general | |
| Temática (materia general) | CIRCUITOS |
| 650 ## - Materia general | |
| Temática (materia general) | CIRCUITOS INTEGRADOS |
| 650 ## - Materia general | |
| Temática (materia general) | CMOS |
| 650 ## - Materia general | |
| Temática (materia general) | INTERCONEXIONES |
| 650 ## - Materia general | |
| Temática (materia general) | FUNCIONES DIGITALES |
| 650 ## - Materia general | |
| Temática (materia general) | FUNCIONES ANALÓGICAS |
| 942 ## - Punto de acceso adicional KOHA | |
| Tipo de ítem KOHA | Libro |
| Fuente del sistema de clasificación o colocación | Dewey Decimal Classification |
| Signatura completa | Código de barras | Programa Académico | Tipo de ítem |
|---|---|---|---|
| 621.381.5 R896d | 24444 | Electrónica | Libro |
| 621.381.5 R896d | 24445 | Electrónica | Libro |